000 00807nam a2200217Ii 4500
003 JO-AjNU
008 230605s9999||||xx |||||||||||||| ||und||
017 _a2006/11/2953
040 _aJO-AjNU
_bara
_erda
_cJO-AjNU
041 _aara
050 1 4 _aK1517.M34.2007
100 3 _a المالكي ، مجبل لازم مسلم ,
_eauthor
_927661
245 0 0 _aبراءات الاختراع وأهمية استثمارها مصدرا للمعلومات العلمية والتقنية
250 _aط1
264 3 1 _aعمان : مؤسسة الوراق ،2006
300 _a331ص
336 _atext
_btxt
_2rdacontent
337 _aunmediated
_bn
_2rdamedia
338 _avolume
_bnc
_2rdacarrier
650 4 _aبراءات الاختراع -- الاختراعات -- نقل التكنولوجيا
_927662
999 _aA10637
_c14205
_d14205